|
|
|
|
| LEADER |
01024nam a22002417a 4500 |
| 001 |
40320 |
| 003 |
BD-DhAAL |
| 008 |
221222t2007 ii ||||| b||| 001 0 eng d |
| 999 |
|
|
|c 45249
|d 45249
|
| 020 |
|
|
|a 9780195690820
|
| 020 |
|
|
|a 0195690826
|
| 040 |
|
|
|a BD-DhAAL
|
| 082 |
|
|
|a 320.954
|2 22
|
| 245 |
|
|
|a Durable disorder :
|b understanding the politics of Northeast India /
|c Sanjib Baruah.
|
| 260 |
|
|
|a New Delhi ;
|a New York :
|b Oxford University Press,
|c 2005.
|
| 300 |
|
|
|a xi, 265 pages ;
|c 22 cm.
|
| 504 |
|
|
|a Includes bibliographical references (p. [237]-251) and index.
|
| 541 |
|
|
|a Donated by Akbar Ali Khan
|e 40320
|
| 650 |
|
|
|a Insurgency
|z India, Northeastern.
|9 53146
|
| 650 |
|
|
|a India, Northeastern
|x Politics and government
|y 20th century.
|9 53147
|
| 852 |
|
|
|a Ayesha Abed Library
|c Akbar Ali Khan Collection
|
| 942 |
|
|
|2 ddc
|c BK
|
| 952 |
|
|
|0 0
|1 0
|2 ddc
|4 0
|6 320_954000000000000_DUR
|7 1
|9 72569
|a BRACUL
|b BRACUL
|c AAKC
|d 2022-12-22
|e Donated by Akbar Ali Khan
|g 295.00
|l 0
|o 320.954 DUR
|p 3010040320
|r 2022-12-22
|t 1
|v 295.00
|w 2022-12-22
|y BK
|